000 00604nam a2200205Ia 4500
003 GCL
008 140319s9999 xx 000 0 ara d
040 _aGCL /
_cGCL
082 0 4 _a814.008
_bن ح
100 1 _aنجيب محفوظ
245 1 0 _aحول الثقافة والتعليم /
_cنجيب محفوظ
700 1 _aفتحى العشرى
260 _a[S.N] :
_bالدار المصرية اللبنانية ،
_c1990
300 _a240 ص
490 _a
650 0 4 _aالادب العربى
650 0 4 _aالمقالات العربية
650 0 4 _aالمجموعات
942 _2ddc
_cBK
999 _c33555
_d33555